000 00780nam a2200289Ia 4500
005 20260324112437.0
008 008 260324s9999 xx 000 0 eng d
020 _a9781003432104
037 _aEBOOK
040 _aCRL
040 _beng
040 _cCRL
041 _2eng
041 _aeng
084 _qCRL
100 _aNatalie Parks; Beverly Kirby; Ryan Sain; Francesca Barbieri; Shawn Thomas Capell
_91142718
245 4 _aThe Behavior of Social Justice
245 0 _bApplying Behavior Analysis to Understand and Challenge Injustice
260 _bTaylor and Francis
260 _c2024
365 _a
365 _b220
856 _uhttp://www.taylorfrancis.com/books/9781003432104
942 _cEBOOK
999 _c1731926
_d1731926